[Event "Oberliga Wuerttemberg 0910"]
[Site "Wuerttemberg"]
[Date "2009.10.25"]
[Round "2.8"]
[White "Kramer, Christian"]
[Black "Kaulich, Philipp Theodor"]
[Result "1/2-1/2"]
[WhiteElo "2108"]
[BlackElo "2027"]
[PlyCount "88"]
[EventDate "2009.10.11"]
[EventType "team-tourn"]
[EventRounds "9"]
[EventCountry "GER"]
[SourceTitle "EXT 2019"]
[Source "ChessBase"]
[SourceDate "2018.10.10"]
[SourceVersion "1"]
[SourceVersionDate "2018.10.10"]
[SourceQuality "1"]
[WhiteTeam "Ulm Post"]
[BlackTeam "Bebenhausen"]
[WhiteTeamCountry "GER"]
[BlackTeamCountry "GER"]

1. d4 f5 2. Nf3 Nf6 3. g3 g6 4. Bg2 Bg7 5. c4 d6 6. 0-0 0-0 7. Nc3 Qe8 8. b3 c5 9. Bb2 Na6 10. Nb5 Bd7 11. a4 Ne4 12. Qc1 Qf7 13. Ng5 Nxg5 14. Qxg5 Bc6 15. Qd2 Bxg2 16. Kxg2 d5 17. dxc5 Bxb2 18. Qxb2 dxc4 19. b4 f4 20. Qc3 Rad8 21. Rac1 f3+ 22. exf3 Rd3 23. Qxc4 Rxf3 24. Nd4 Qxc4 25. Rxc4 Rd3 26. Ne6 Rf6 27. Nf4 Rd2 28. b5 Nb8 29. Re1 Kf7 30. Rce4 Rd7 31. Re5 Rf5 32. Rxf5+ gxf5 33. Ne6 h6 34. Kf3 Rd5 35. Kf4 Kf6 36. Nf8 e5+ 37. Kf3 Rxc5 38. Rd1 Rc3+ 39. Kg2 Rc8 40. Nd7+ Ke6 41. Nxb8 Rxb8 42. Rc1 Rd8 43. Rc7 Rd7 44. Rc8 Rh7 1/2-1/2

[Event "Oberliga Wuerttemberg 0708"]
[Site "Wuerttemberg"]
[Date "2008.04.20"]
[Round "9.8"]
[White "Kramer, Christian"]
[Black "Koppenhoefer, Bernhard"]
[Result "1-0"]
[WhiteElo "2167"]
[BlackElo "2121"]
[PlyCount "53"]
[EventDate "2007.10.07"]
[EventType "team-tourn"]
[EventRounds "9"]
[EventCountry "GER"]
[SourceTitle "EXT 2018"]
[Source "ChessBase"]
[SourceDate "2017.10.13"]
[SourceVersion "1"]
[SourceVersionDate "2017.10.13"]
[SourceQuality "1"]
[WhiteTeam "Ulm Post"]
[BlackTeam "Tuebingen"]
[WhiteTeamCountry "GER"]
[BlackTeamCountry "GER"]

1. d4 e6 2. Nf3 c5 3. c4 Nf6 4. Nc3 d5 5. Bg5 cxd4 6. Nxd4 e5 7. Nc2 d4 8. Nd5 Be6 9. Bxf6 gxf6 10. e4 Nc6 11. Bd3 f5 12. Qf3 fxe4 13. Nf6+ Ke7 14. Bxe4 Qa5+ 15. b4 Nxb4 16. 0-0 Nxc2 17. Bxc2 Bg7 18. Nxh7 Qc7 19. Rab1 Rab8 20. h3 Bxc4 21. Rfe1 Qc6 22. Be4 Qh6 23. Qa3+ Qd6 24. Qxa7 Bd5 25. Rb6 Bc6 26. Bxc6 Rxh7 27. Be4 1-0

[Event "Ulm/Neu Ulm-ch"]
[Site "Ulm/Neu Ulm"]
[Date "2006.12.15"]
[Round "7"]
[White "Braun, Stefan"]
[Black "Kramer, Christian"]
[Result "1/2-1/2"]
[WhiteElo "1745"]
[BlackElo "2096"]
[PlyCount "41"]
[EventDate "2006.09.22"]
[EventType "swiss"]
[EventRounds "7"]
[EventCountry "GER"]
[SourceTitle "EXT 2011"]
[Source "ChessBase"]
[SourceDate "2010.11.26"]
[SourceVersion "1"]
[SourceVersionDate "2010.11.26"]
[SourceQuality "1"]

1. e4 c6 2. d4 d5 3. exd5 cxd5 4. Nf3 Nf6 5. Bg5 Ne4 6. Bh4 Qb6 7. Nc3 Nxc3 8. bxc3 e6 9. Qb1 Nd7 10. Qb3 Bd6 11. Be2 0-0 12. 0-0 Qc7 13. c4 dxc4 14. Bxc4 Nb6 15. Bd3 Bd7 16. c4 Ba4 17. Qc3 Nd5 18. Qd2 Bf4 19. Qe1 Nb6 20. Qe4 g6 21. Ne5 1/2-1/2

[Event "Ulm/Neu Ulm-ch"]
[Site "Ulm/Neu Ulm"]
[Date "2006.10.08"]
[Round "2"]
[White "Hoffart, Alexander"]
[Black "Kramer, Christian"]
[Result "0-1"]
[WhiteElo "1838"]
[BlackElo "2096"]
[PlyCount "66"]
[EventDate "2006.09.22"]
[EventType "swiss"]
[EventRounds "7"]
[EventCountry "GER"]
[SourceTitle "EXT 2011"]
[Source "ChessBase"]
[SourceDate "2010.11.26"]
[SourceVersion "1"]
[SourceVersionDate "2010.11.26"]
[SourceQuality "1"]

1. d4 d5 2. Nf3 Nf6 3. Bg5 c6 4. Nbd2 Bf5 5. e3 Nbd7 6. Be2 e6 7. 0-0 Bd6 8. c4 0-0 9. c5 Bc7 10. b4 e5 11. dxe5 Nxe5 12. Nd4 Bd7 13. Qc2 Ng6 14. N2f3 h6 15. Bxf6 Qxf6 16. Bd3 Ne5 17. Rac1 Rfe8 18. Rfe1 Bg4 19. Be2 Nxf3+ 20. Bxf3 Bxf3 21. Nxf3 Re4 22. Qc3 Qxc3 23. Rxc3 Rxb4 24. Nd4 Re8 25. Rb3 Rxd4 26. Rxb7 Ba5 27. Reb1 Rc4 28. Rxa7 Rxc5 29. g3 Bc3 30. Rbb7 d4 31. exd4 Bxd4 32. Rxf7 Rc1+ 33. Kg2 Bxa7 0-1

[Event "Ulm/Neu Ulm-ch"]
[Site "Ulm/Neu Ulm"]
[Date "2005.??.??"]
[Round "?"]
[White "Kramer, Christian"]
[Black "Bachus, Sebastian"]
[Result "1-0"]
[WhiteElo "2050"]
[BlackElo "1651"]
[PlyCount "81"]
[EventDate "2005.11.26"]
[EventType "swiss"]
[EventRounds "7"]
[EventCountry "GER"]
[SourceTitle "EXT 2011"]
[Source "ChessBase"]
[SourceDate "2010.11.26"]
[SourceVersion "1"]
[SourceVersionDate "2010.11.26"]
[SourceQuality "1"]

1. d4 d5 2. Nf3 Nf6 3. c4 dxc4 4. Nc3 c6 5. a4 e6 6. e3 Nbd7 7. Bxc4 Bd6 8. 0-0 0-0 9. e4 Bb4 10. e5 Nd5 11. Qd3 f5 12. exf6 N7xf6 13. Bg5 Qc7 14. Ne5 Bd6 15. Rae1 Bd7 16. Qh3 Rae8 17. Re2 Re7 18. Rfe1 Bc8 19. Ne4 a6 20. Qh4 Ree8 21. Bxd5 Nxd5 22. Nxd6 Qxd6 23. Re4 Ne7 24. Nc4 Qb4 25. Bxe7 Rxe7 26. Nb6 Ref7 27. Nxc8 Rxc8 28. d5 Qxb2 29. dxe6 Rf6 30. R4e2 Qb6 31. Qh5 Qd8 32. a5 Qe7 33. Qg4 Rd8 34. f4 Rd5 35. Rb2 Rb5 36. Rxb5 axb5 37. f5 b4 38. Qd4 Rxf5 39. Qd7 Kf8 40. Qc8+ Qe8 41. e7+ 1-0

[Event "Ulm/Neu Ulm-ch"]
[Site "Ulm/Neu Ulm"]
[Date "2005.??.??"]
[Round "?"]
[White "Lepschi, Albert"]
[Black "Kramer, Christian"]
[Result "0-1"]
[WhiteElo "1676"]
[BlackElo "2050"]
[PlyCount "62"]
[EventDate "2005.11.26"]
[EventType "swiss"]
[EventRounds "7"]
[EventCountry "GER"]
[SourceTitle "EXT 2011"]
[Source "ChessBase"]
[SourceDate "2010.11.26"]
[SourceVersion "1"]
[SourceVersionDate "2010.11.26"]
[SourceQuality "1"]

1. e4 e6 2. d4 d5 3. Nd2 Nf6 4. e5 Nfd7 5. Ngf3 c5 6. c3 Nc6 7. Be2 f6 8. exf6 Qxf6 9. Nb3 Bd6 10. Be3 b6 11. Qc2 Bb7 12. Rd1 0-0 13. Ng5 g6 14. h4 Bf4 15. Bg4 Rae8 16. Qd2 Ba6 17. Be2 Bxe2 18. Qxe2 cxd4 19. Nxd4 Nxd4 20. Rxd4 Bxe3 21. Qxe3 Qe5 22. Ke2 Qxe3+ 23. Kxe3 Ne5 24. b3 h6 25. Nf3 Nxf3 26. gxf3 Rc8 27. Rc1 Rc5 28. b4 Rc7 29. c4 Rcf7 30. f4 dxc4 31. f3 Re8 0-1

[Event "Oberliga Wuerttemberg 0304"]
[Site "Wuerttemberg"]
[Date "2004.02.08"]
[Round "6.8"]
[White "Einwiller, Dieter"]
[Black "Kramer, Christian"]
[Result "1/2-1/2"]
[WhiteElo "2161"]
[BlackElo "2124"]
[PlyCount "130"]
[EventDate "2003.09.28"]
[EventType "team"]
[EventRounds "9"]
[EventCountry "GER"]
[SourceTitle "EXT 2006"]
[Source "ChessBase"]
[SourceDate "2005.11.24"]
[SourceVersion "1"]
[SourceVersionDate "2005.11.24"]
[SourceQuality "1"]
[WhiteTeam "Pfullingen"]
[BlackTeam "Ulm"]
[WhiteTeamCountry "GER"]
[BlackTeamCountry "GER"]

1. d4 d5 2. Nf3 Nf6 3. Bf4 c6 4. e3 Qb6 5. b3 Bf5 6. Nh4 Bg4 7. Qd3 Na6 8. c3 g6 9. h3 Bd7 10. Be5 Bg7 11. Be2 e6 12. Nd2 0-0 13. b4 Rfe8 14. a4 Qd8 15. Nhf3 Nh5 16. Bxg7 Nxg7 17. 0-0 Nc7 18. Nb3 f6 19. e4 e5 20. dxe5 fxe5 21. Nc5 b6 22. Nxd7 Qxd7 23. Rad1 Nh5 24. Qe3 Nf4 25. Rfe1 Nxe2+ 26. Rxe2 Qe7 27. b5 cxb5 28. exd5 Qc5 29. Qxc5 bxc5 30. d6 Rad8 31. Red2 Na8 32. axb5 Nb6 33. Ng5 Nc4 34. Rd5 e4 35. Rxc5 Rxd6 36. Re1 Nd2 37. Rc7 Rf6 38. Rd7 Rf5 39. Nxh7 Nc4 40. h4 e3 41. fxe3 Rxe3 42. Rxe3 Nxe3 43. Rxa7 Rxb5 44. Nf6+ Kf8 45. Rc7 Rb2 46. g4 Rg2+ 47. Kh1 Rg3 48. g5 Rh3+ 49. Kg1 Rxh4 50. Kf2 Rh3 51. c4 Nf5 52. c5 Rc3 53. Ne4 Rc4 54. Kf3 Nd4+ 55. Ke3 Ne6 56. Rc8+ Ke7 57. c6 Nd8 58. c7 Ne6 59. Rg8 Rxc7 60. Rxg6 Rc1 61. Kf3 Rf1+ 62. Kg3 Re1 63. Kf3 Rf1+ 64. Kg3 Rg1+ 65. Kf3 Rf1+ 1/2-1/2

[Event "Oberliga Wuerttemberg 0304"]
[Site "Wuerttemberg"]
[Date "2003.09.28"]
[Round "1.8"]
[White "Kramer, Christian"]
[Black "Plenca, Julian"]
[Result "1-0"]
[WhiteElo "2124"]
[BlackElo "2059"]
[PlyCount "147"]
[EventDate "2003.09.28"]
[EventType "team"]
[EventRounds "9"]
[EventCountry "GER"]
[SourceTitle "EXT 2006"]
[Source "ChessBase"]
[SourceDate "2005.11.24"]
[SourceVersion "1"]
[SourceVersionDate "2005.11.24"]
[SourceQuality "1"]
[WhiteTeam "Ulm"]
[BlackTeam "Stuttgart II"]
[WhiteTeamCountry "GER"]
[BlackTeamCountry "GER"]

1. d4 e6 2. Nf3 Nf6 3. Bf4 c5 4. Nbd2 Be7 5. e3 0-0 6. Bd3 d6 7. Qe2 Nbd7 8. c3 Qc7 9. 0-0 b6 10. Rfd1 Bb7 11. a4 Rfd8 12. Nc4 Nf8 13. h3 Bc6 14. Nfd2 Qd7 15. Bc2 Qb7 16. f3 Rac8 17. dxc5 bxc5 18. Nb3 Qa6 19. Bd3 d5 20. Ne5 Qb6 21. Bb5 Be8 22. Rd2 a6 23. Bxe8 Nxe8 24. Nc1 f6 25. a5 Qb7 26. Ng4 e5 27. Bg3 Nd6 28. b3 c4 29. b4 Nb5 30. Na2 d4 31. exd4 exd4 32. Re1 Re8 33. Qf2 d3 34. Kh1 Qa7 35. Ne3 Bd6 36. Bxd6 Nxd6 37. Kg1 Nf5 38. Nf1 Qxf2+ 39. Kxf2 Nd7 40. Rxe8+ Rxe8 41. Nc1 Nd6 42. Nxd3 cxd3 43. Rxd3 Re6 44. Nd2 Ne5 45. Rd4 Kf7 46. f4 Nc6 47. Rd3 Ke7 48. Nb3 Ne4+ 49. Kf3 f5 50. Nd2 g5 51. Nc4 g4+ 52. Ke2 Nxc3+ 53. Kf1 Nb5 54. Nb6 Nxb4 55. Rd7+ Kf6 56. Rxh7 Nd3 57. Nd7+ Kg6 58. Nf8+ Kf6 59. Rh6+ Kg7 60. Rxe6 Kxf8 61. Rxa6 Ke7 62. Rb6 Nc7 63. a6 gxh3 64. gxh3 Nxf4 65. a7 Nfd5 66. Rb8 Kf6 67. Kf2 Ke5 68. Kf3 Ne7 69. Re8 Kf6 70. a8Q Nxa8 71. Rxa8 Kg5 72. Re8 Ng6 73. Re6 Nf4 74. h4+ 1-0

[Event "Pula op 17th"]
[Site "Pula"]
[Date "2003.06.01"]
[Round "1"]
[White "Kramer, Christian"]
[Black "Cvitan, Ognjen"]
[Result "0-1"]
[WhiteElo "2178"]
[BlackElo "2551"]
[PlyCount "64"]
[EventDate "2003.06.01"]
[EventType "swiss"]
[EventRounds "9"]
[EventCountry "CRO"]
[SourceTitle "CBM 094 Extra"]
[Source "ChessBase"]
[SourceDate "2003.07.09"]
[SourceVersion "2"]
[SourceVersionDate "2003.07.09"]
[SourceQuality "1"]

1. d4 Nf6 2. Nf3 e6 3. Bf4 b6 4. e3 Bb7 5. Nbd2 d6 6. Bd3 Nbd7 7. Qe2 Be7 8. c3 0-0 9. Ba6 Qc8 10. Bxb7 Qxb7 11. a4 d5 12. 0-0 c5 13. b3 a6 14. h3 Rfc8 15. Rfc1 b5 16. Rab1 cxd4 17. cxd4 Bb4 18. Ne1 Ne4 19. Nxe4 dxe4 20. Qb2 Nb6 21. Rxc8+ Rxc8 22. axb5 axb5 23. Nc2 Bc3 24. Qa3 Bd2 25. Qd6 Nd5 26. Bg3 h6 27. Rb2 Bc1 28. Ra2 Nc3 29. Ra6 Ne2+ 30. Kh2 Nxg3 31. fxg3 Rxc2 32. Rb6 Qc7 0-1